| 000 | 00542nam a2200181Ia 4500 | ||
|---|---|---|---|
| 999 |
_c32397 _d32397 |
||
| 003 | OSt | ||
| 005 | 20200804100624.0 | ||
| 008 | 190216s9999||||xx |||||||||||||| ||und|| | ||
| 020 | _a9788181284785 | ||
| 040 | _coclc | ||
| 082 |
_a511.5 _bALD/G |
||
| 100 |
_aAldous, Joan M _93926 |
||
| 245 | 0 |
_aGraphs And Applications An Introductory Approach / _cJoan M Aldous ; Robin J Wilson |
|
| 260 |
_bSpringer, _c2011. _aNew York: |
||
| 300 | _a444p | ||
| 650 | _aMathematics | ||
| 942 |
_cBK _2ddc _h511.5 _iALD/G _k511.5 _mALD/G |
||